| 000 | 00846nam a22002411u 4500 | ||
|---|---|---|---|
| 001 | 04642 | ||
| 003 | HDC | ||
| 007 | cr bn --- | ||
| 008 | 210117p my go d 00 engg | ||
| 040 | _aHDC | ||
| 245 | 0 |
_aChallenges and Opportunities in Cold Supply Chain "Sea & Airports" / _cby Raymond A. E. de Graaf |
|
| 260 |
_a[No Place] : _b[publisher not identified], _c[no year] |
||
| 300 |
_a16 pages : _billustrations |
||
| 336 |
_atext _2rdacontent |
||
| 337 |
_acomputer _2rdamedia |
||
| 338 |
_aonline resource _2rdacarrier |
||
| 650 |
_aPerishable goods _94770 |
||
| 650 |
_aSupply chain _9537 |
||
| 856 | _zRequest full-text at [email protected] | ||
| 942 | _2lcc | ||
| 942 | _cSLIDE | ||
| 942 | _kSLID 000290 | ||
| 999 |
_c1967 _d1967 |
||